|
|
|
|
| LEADER |
00000nam#a2200000#a#4500 |
| 001 |
013270 |
| 005 |
20160721152031.0 |
| 008 |
971210s1985####xxu#################eng#d |
| 020 |
|
|
|a 0879691840
|
| 040 |
|
|
|a AR-beUNQ
|
| 099 |
|
|
|a 24-M15
|
| 100 |
1 |
|
|a Malmberg, Russel
|
| 245 |
0 |
0 |
|a Molecular Biology of plants : a laboratory course manual
|c Russel Malmberg.
|
| 260 |
|
|
|a Nueva York :
|b Cold Spring Harbor Laboratory,
|c 1985
|
| 300 |
|
|
|a 150 p
|
| 650 |
|
7 |
|a PLANTAS (BOTANICA)
|2 Spines
|
| 650 |
|
7 |
|a ANATOMIA VEGETAL
|2 Spines
|
| 650 |
|
7 |
|a FISIOLOGIA VEGETAL
|2 Spines
|
| 650 |
|
7 |
|a GENETICA VEGETAL
|2 Spines
|
| 650 |
|
7 |
|a PROTOPLASTOS
|2 Spines
|
| 653 |
|
|
|a MICROPROPAGACION
|
| 929 |
|
|
|a COMPRA
|b Cúspide
|c Exp. 827-0764/97
|d 49,95
|e 19971210
|j 22864
|
| 929 |
|
|
|a COMPRA
|b Cúspide
|c Exp. 827-0764/97
|d 49,95
|e 19971210
|j 22865
|
| 942 |
|
|
|c LIB
|n 0
|
| 999 |
|
|
|c 15672
|d 91059
|